000 01005nam a22003137a 4500
003 CHAP
005 20220329141558.0
008 971013s1978 r 00010 d
010 _a70437
011 _a71409
035 _a80963
040 _cCHAP
082 _a664
_bC44
100 0 0 _aCharalambous, George
_eed.
_921948
245 _aFlavor of foods and beverages; chemistry and technology
260 _aNew York. :
_bAcademic Press,
_c1978
300 _a422 p.
_b: ilus. ; gráfs.
490 _aAcademic press rapid manuscript reproduction
590 _aBATCH-UPD
_b10
_c20130110
_lUCH01
_h0050
590 _aBATCH-UPD
_b10
_c20130110
_lUCH01
_h1345
590 _aCONVERSION
_b10
_c20130109
_lUCH01
_h1339
650 1 4 _aAlimentos
_xSabor.
_94279
650 1 4 _aBebidas.
_911110
700 0 _aInglett, George E.
_958327
830 0 _aAcademic press rapid manuscript reproduction
_9387
901 _aBK
942 _cLIBRO
949 _a664 C44
_bBC
_cLIBRO
_d33724000132916
_eLIBRO
_h55174
_i80963
_si
_t132.30
999 _c70437
_d70437